<?xml version="1.0" encoding="UTF-8"?><?xml-stylesheet type="text/xsl" href="static/style.xsl"?><OAI-PMH xmlns="http://www.openarchives.org/OAI/2.0/" xmlns:xsi="http://www.w3.org/2001/XMLSchema-instance" xsi:schemaLocation="http://www.openarchives.org/OAI/2.0/ http://www.openarchives.org/OAI/2.0/OAI-PMH.xsd"><responseDate>2026-04-17T06:22:12Z</responseDate><request verb="GetRecord" identifier="oai:www.recercat.cat:2445/221772" metadataPrefix="marc">https://recercat.cat/oai/request</request><GetRecord><record><header><identifier>oai:recercat.cat:2445/221772</identifier><datestamp>2025-12-04T19:16:49Z</datestamp><setSpec>com_2072_1057</setSpec><setSpec>col_2072_478858</setSpec><setSpec>col_2072_478917</setSpec><setSpec>col_2072_478921</setSpec></header><metadata><record xmlns="http://www.loc.gov/MARC21/slim" xmlns:dcterms="http://purl.org/dc/terms/" xmlns:xsi="http://www.w3.org/2001/XMLSchema-instance" xmlns:doc="http://www.lyncode.com/xoai" xsi:schemaLocation="http://www.loc.gov/MARC21/slim http://www.loc.gov/standards/marcxml/schema/MARC21slim.xsd">
   <leader>00925njm 22002777a 4500</leader>
   <datafield ind2=" " ind1=" " tag="042">
      <subfield code="a">dc</subfield>
   </datafield>
   <datafield ind2=" " ind1=" " tag="720">
      <subfield code="a">Carnes Vendrell, Anna</subfield>
      <subfield code="e">author</subfield>
   </datafield>
   <datafield ind2=" " ind1=" " tag="720">
      <subfield code="a">Ariza González, Mar</subfield>
      <subfield code="e">author</subfield>
   </datafield>
   <datafield ind2=" " ind1=" " tag="720">
      <subfield code="a">Cano Marco, Neus</subfield>
      <subfield code="e">author</subfield>
   </datafield>
   <datafield ind2=" " ind1=" " tag="720">
      <subfield code="a">Segura i Fàbregas, Bàrbara</subfield>
      <subfield code="e">author</subfield>
   </datafield>
   <datafield ind2=" " ind1=" " tag="720">
      <subfield code="a">Junqué i Plaja, Carme, 1955-</subfield>
      <subfield code="e">author</subfield>
   </datafield>
   <datafield ind2=" " ind1=" " tag="720">
      <subfield code="a">Bejar, Javier</subfield>
      <subfield code="e">author</subfield>
   </datafield>
   <datafield ind2=" " ind1=" " tag="720">
      <subfield code="a">Barrué, Cristian</subfield>
      <subfield code="e">author</subfield>
   </datafield>
   <datafield ind2=" " ind1=" " tag="720">
      <subfield code="a">Garolera i Freixa, Maite</subfield>
      <subfield code="e">author</subfield>
   </datafield>
   <datafield ind2=" " ind1=" " tag="720">
      <subfield code="a">Piñol Ripoll, Gerard</subfield>
      <subfield code="e">author</subfield>
   </datafield>
   <datafield ind2=" " ind1=" " tag="260">
      <subfield code="c">2025-06-26T12:20:25Z</subfield>
   </datafield>
   <datafield ind2=" " ind1=" " tag="260">
      <subfield code="c">2025-06-26T12:20:25Z</subfield>
   </datafield>
   <datafield ind2=" " ind1=" " tag="260">
      <subfield code="c">2024-01-07</subfield>
   </datafield>
   <datafield ind2=" " ind1=" " tag="260">
      <subfield code="c">2025-06-26T12:20:25Z</subfield>
   </datafield>
   <datafield ind2=" " ind1=" " tag="520">
      <subfield code="a">The study aimed to assess sleep quality in PCC patients and its predictors by analysing its relationship with emotional, cognitive and functional variables, as well as possible differences based on COVID-19 severity. We included 368 individuals with PCC and 123 healthy controls (HCs) from the NAUTILUS Project (NCT05307549 and NCT05307575). We assessed sleep quality (Pittsburgh Sleep Quality Index, PSQI), anxiety (Generalized Anxiety Disorder, GAD-7), depression (Patient Health Questionnaire, PHQ-9), global cognition (Montreal Cognitive Assessment, MoCA), everyday memory failures (Memory Failures of Everyday Questionnaire, MFE-30),&#xd;
fatigue (Chadler Fatigue Questionnaire, CFQ), quality of life (European Quality of Life-5 Dimensions, EQ-5D), and physical activity levels (International Physical Activity Questionnaire, IPAQ). 203 were nonhospitalized, 83 were hospitalized and 82 were admitted to the intensive care unit (ICU). We found statistically significant differences in the PSQI total score between the PCC and HC groups (p &lt; 0.0001), but there were no differences among the PCC groups. In the multiple linear regressions, the PHQ-9 score was a predictor of poor sleep quality for mild PCC patients (p = 0.003); GAD-7 (p = 0.032) and EQ-5D (p = 0.011) scores were predictors of poor sleep quality in the hospitalized PCC group; and GAD-7 (p = 0.045) and IPAQ (p = 0.005) scores were predictors of poor sleep quality in the group of ICU-PCC. These results indicate that worse sleep quality is related to higher&#xd;
levels of depression and anxiety, worse quality of life and less physical activity. Therapeutic strategies should focus on these factors to have a positive impact on the quality of sleep.</subfield>
   </datafield>
   <datafield tag="653" ind2=" " ind1=" ">
      <subfield code="a">Depressió psíquica</subfield>
   </datafield>
   <datafield tag="653" ind2=" " ind1=" ">
      <subfield code="a">Ansietat</subfield>
   </datafield>
   <datafield tag="653" ind2=" " ind1=" ">
      <subfield code="a">Cognició</subfield>
   </datafield>
   <datafield tag="653" ind2=" " ind1=" ">
      <subfield code="a">COVID-19</subfield>
   </datafield>
   <datafield tag="653" ind2=" " ind1=" ">
      <subfield code="a">Mental depression</subfield>
   </datafield>
   <datafield tag="653" ind2=" " ind1=" ">
      <subfield code="a">Anxiety</subfield>
   </datafield>
   <datafield tag="653" ind2=" " ind1=" ">
      <subfield code="a">Cognition</subfield>
   </datafield>
   <datafield tag="653" ind2=" " ind1=" ">
      <subfield code="a">COVID-19</subfield>
   </datafield>
   <datafield ind2="0" ind1="0" tag="245">
      <subfield code="a">Sleep quality in individuals with post-COVID-19 condition: Relation with emotional, cognitive and functional variables</subfield>
   </datafield>
</record></metadata></record></GetRecord></OAI-PMH>